00531nam a22001697a 4500003000900000008004100009040007100050082002300121100002100144245002200165260003900187300002700226500004100253650002100294650001900315650002700334AR-CdUCM190328b ||||| |||| 00| 0 spa d aMUNICIPALIDAD PROVINCIAL DEL CUSCOcBIBLIOTECA MUNICIPAL DEL CUSCO aC / 869.56 /bC77N aCorcuera, Arturo aNoé Delirante / aMadrid :bEdiciones Jonas ,c1966. a63 páginas ;c15 cm. zEl autor Arturo Corcuera es Peruano. aPoesia Literaria aPoesia Peruana aPoesia Latinoamericana